| 000 | 00707cam a22002411 4500 | ||
|---|---|---|---|
| 001 | gs 35000180 | ||
| 003 | DLC | ||
| 005 | 20260227111339.0 | ||
| 008 | 790615s1935 nbu s000 0 eng | ||
| 010 | _ags 35000180 | ||
| 035 | _a(OCoLC)5069495 | ||
| 040 |
_aDLC _cTxCM _dOCoLC _dDLC |
||
| 042 | _apremarc | ||
| 050 | 0 | 0 |
_aQE135 _b.A43 no. 7 |
| 100 | 1 |
_aWaite, Herbert Ames, _d1910- |
|
| 245 | 1 | 0 |
_aGroundwater level survey in Nebraska, _cby Herbert A. Waite. |
| 260 |
_a[Lincoln] _bPublished by authority of the state of Nebraska, _c1935. |
||
| 300 | _a14 p. | ||
| 410 | 2 | 0 |
_aNebraska Geological Survey _tPaper _vno. 7 |
| 500 | _aCover title. | ||
| 650 | 0 |
_aGroundwater _zNebraska. |
|
| 650 | 0 | _aWells. | |
| 999 |
_c27191 _d27191 |
||